| 000 | 00516nam a2200193Ia 4500 | ||
|---|---|---|---|
| 003 | 0100 | ||
| 005 | 20150723020011.0 | ||
| 008 | 130303s9999 xx 000 0 und d | ||
| 040 | _cARRUPELIB | ||
| 050 | _aBL240.3.C66 2006 | ||
| 100 |
_aCollins, Francis S. _916868 |
||
| 245 | 4 | _aThe language of God | |
| 245 | _ba scientist presents evindence for belief | ||
| 260 |
_aNew York _bFree Press _c2006 |
||
| 300 | _ax | ||
| 300 | _b 305p. 22cm. | ||
| 650 |
_bCatholic Church _916869 |
||
| 942 |
_2lcc _cMONOGRAPH _01 |
||
| 999 |
_c63285 _d63285 |
||